| 000 | 01050nam a2200265 i 4500 | ||
|---|---|---|---|
| 001 | bg | ||
| 245 | 0 | 0 |
_aStrategie przedsiębiorstw przemysłowych : _bprzewodnik encyklopedyczny / _cpod red. Konrada Wanielisty ; aut. Jan Butra [et al.] ; Polska Akademia Nauk. Instytut Gospodarki Surowcami Mineralnym i Energią. |
| 260 |
_aKraków : _bWydaw. IGSMiE PAN, _c2001. |
||
| 300 |
_a326, [1] s. : _bil. ; _c24 cm. |
||
| 504 | _aBibliogr. - Indeks. | ||
| 650 | 9 |
_aPrzedsiębiorstwo _xekonomika |
|
| 650 | 9 |
_aPrzedsiębiorstwo _xorganizacja |
|
| 655 | _aEncyklopedie | ||
| 700 | 1 |
_aWANIELISTA, Konrad. _eRed. |
|
| 700 | 1 | _aBUTRA, Jan | |
| 710 | 0 |
_aPolska Akademia Nauk _bInstytut Gospodarki Surowcami Mineralnymi i Energią |
|
| 020 | _a8387854085 | ||
| 040 | _cBPK | ||
| 041 | 0 | _apol | |
| 080 | _a658.1/.5.01(03) | ||
| 920 | _a83-87854-08-5 | ||
| 942 | _cKS | ||
| 008 | s pl f |000 0 pol | ||
| 999 |
_c44461 _d44461 |
||
| 856 |
_uhttp://koha.tu.koszalin.pl/cgi-bin/koha/opac-detail.pl?biblionumber=44461 _yKatalog online BPK |
||